Countries of ASEAN - Statistics

General Stats
  • This quiz has been taken 31 times
  • The average score is 9 of 10
Answer Stats
Answer % Correct
Indonesia
100%
Laos
100%
Vietnam
100%
Myanmar
96%
Thailand
96%
Brunei
92%
Cambodia
92%
Malaysia
92%
Singapore
92%
Philippines
88%
No matching quizzes found
Score Distribution
Percent of People with Each Score
Percentile by Number Answered
Your Score History
You have not taken this quiz